LEADER 00905nam a2200229 i 4500 001 991001830009707536 005 20020502205318.0 008 970925s1979 ||| ||| | ||| 035 $ab10917512-39ule_inst 035 $aLE02377980$9ExL 040 $aDip.to Studi Storici$bita 100 1 $aBaratta, Mario$0455737 245 12$aI terremoti d'Italia :$bsaggio di storia geografia e bibliografia sismica italiana con 136 sismocartogrammi /$cMario Baratta 260 $aNapoli :$bForni Arnaldo,$cstampa 1979 500 $aRist. anastatica edizione del 1901 650 4$aTerremoti$zItalia 907 $a.b10917512$b25-09-08$c28-06-02 912 $a991001830009707536 945 $aLE023 361.5 BAR 1 1 $g1$i2023000037546$lle023$o-$pE0.00$q-$rl$s- $t0$u2$v1$w2$x0$y.i11021652$z28-06-02 996 $aTerremoti d'Italia$9191039 997 $aUNISALENTO 998 $ale023$b01-01-97$cm$da $e-$fita$git $h2$i1 LEADER 01117nam0 22002651i 450 001 UON00349329 005 20231205104334.621 100 $a20091207d1977 |0itac50 ba 101 $aita 102 $aIT 105 $a|||| ||||| 200 1 $aSistemi politici e strutture scolastiche$ela scuola secondaria superiore in Europa tra socialismo e capitalismo$fCorrado Ziglio 210 $aMilano$cEmme Edizioni $dc1977 215 $a209 p.$d20 cm. 410 1$1001UON00019572$12001 $aˆIl ‰puntoemme$1210 $aMilano$cEmme Edizioni$d19..-$v65 606 $aSCUOLA SECONDARIA SUPERIORE EUROPEA$3UONC074681$2FI 620 $aIT$dMilano$3UONL000005 700 1$aZIGLIO$bCorrado$3UONV194668$0170156 712 $aEmme Edizioni$3UONV248935$4650 801 $aIT$bSOL$c20240220$gRICA 899 $aSIBA - SISTEMA BIBLIOTECARIO DI ATENEO$2UONSI 912 $aUON00349329 950 $aSIBA - SISTEMA BIBLIOTECARIO DI ATENEO$dSI VI DIR PUB C 0286 $eSI SC 1120 5 0286 996 $aSistemi politici e strutture scolastiche$91360247 997 $aUNIOR